000 004330000a22001690004500
003 MACL
005 20151229175455.0
008 151229b xxu||||| |||| 00| 0 eng d
040 _aMACL
_cMACL
041 _aEnglish
082 _a300/HAT
100 _aCosta, Benedict
_924499
245 _aIndias Socialist Princes and Garibi Hatao
260 _bKalyani Publishers
_c1973
650 _aSociology
_924500
942 _cBK
_k300/COS
_2ddc
999 _c37453
_d37453